000 02314cam a2200505 a 4500
003 EG-GiCUC
008 081011m20069999ua g f000 0 ara d
017 _a23025 / 2006 (v.1.pt.1)
_bمصر.دار الكتب
017 _a23778 / 2006 (v.1.pt.2)
_bمصر.دار الكتب
017 _a23820 / 2006 (v.1.pt.3)
_bمصر.دار الكتب
017 _a23918 / 2006 (v.4)
_bمصر.دار الكتب
017 _a24011 / 2006 (v.3)
_bمصر.دار الكتب
017 _a24105 / 2006 (v.2.pt.1)
_bمصر.دار الكتب
017 _a24105 / 2006 (v.2)
_bمصر.دار الكتب
020 _a9771804634 (v.1 pt1)
020 _a9771804677 (v.1 pt2)
020 _a9771804693 (v.1 pt3)
020 _a9771804707 (v.3 pt2)
020 _a9771804707 (v.3 pt3)
020 _a9771804707 (v.4)
020 _a9771804731 (v.2)
020 _a9771807723 (v.3 pt1)
040 _aEG-GiCUC
_bara
_cEG-GiCUC
043 _af-ua---
092 0 4 _a953.08
_bM2978 2006
_221
099 _a04
_a953.08 M2978 2006
100 1 _aالمقريزى : احمد بن على :
_d1364-1442
245 1 0 _aكتاب السلوك لمعرفة دول الملوك/
_cاحمد بن على المقريزى ؛ صححة ووضع حواشية محمد مصطفى زيادة
246 3 0 _aالسلوك لمعرفة دول الملوك
250 _aط3
260 _aالقاهرة :
_bدار الكتب والوثائق القومية : مركز تحقيق التراث :
_c2006
300 _a4فى12 مج :
_bمثيليات ؛
_c30سم
500 _aفى رأس العنوان : دار الكتب والوثائق القومية : الادارة المركزية للمراكز العلمية : مركز تحقيق التراث
650 7 _aالمماليك الشراكسة
_2qrmak
650 7 _aالمماليك فى مصر
_2qrmak
650 7 _aالمماليك
_2qrmak
651 7 _aمصر
_xتاريخ
_yعصر المماليك(1250-1517م)
_2qrmak
700 1 _aزيادة : محمد مصطفى
902 _a2
905 _aايمان ع
_eمراجع
905 _aعبير
_eمدخل
942 _2ddc
_cBK
999 _c102656
_d102656